[Event "TUN-chT"]
[Site "Hammamet"]
[Date "2019.03.16"]
[Round "9.3"]
[White "Zanina, Moncef"]
[Black "Hmam, Mohamed"]
[Result "1-0"]
[WhiteElo "2087"]
[BlackElo "2020"]
[PlyCount "53"]
[EventDate "2019.02.09"]
[EventType "team-tourn"]
[EventRounds "11"]
[EventCountry "TUN"]
[SourceTitle "CBM 190 Extra"]
[Source "ChessBase"]
[SourceDate "2019.07.15"]
[SourceVersion "1"]
[SourceVersionDate "2019.07.15"]
[SourceQuality "1"]
[WhiteTeam "Soliman"]
[BlackTeam "Ksour"]
[WhiteTeamCountry "TUN"]
[BlackTeamCountry "TUN"]

1. e4 c6 2. d4 d5 3. e5 Bf5 4. Nf3 e6 5. Be2 Nd7 6. 0-0 Bg6 7. b3 Nh6 8. c4 Be7 9. Nc3 Nf5 10. g4 Nh4 11. Nxh4 Bxh4 12. f4 h6 13. f5 Bh7 14. cxd5 cxd5 15. fxe6 fxe6 16. Bd3 Bxd3 17. Qxd3 Nf8 18. Ba3 Be7 19. Bxe7 Qxe7 20. Nb5 0-0-0 21. Nd6+ Rxd6 22. exd6 Qxd6 23. Rf7 Nd7 24. Re1 Qb6 25. Rc1+ Kd8 26. Qc3 Ke8 27. Rxg7 1-0

[Event "TUN-chT"]
[Site "Hammamet"]
[Date "2019.02.10"]
[Round "3.2"]
[White "Zanina, Moncef"]
[Black "Hamzaoui, Khalil"]
[Result "1-0"]
[WhiteElo "2087"]
[BlackElo "1699"]
[PlyCount "67"]
[EventDate "2019.02.09"]
[EventType "team-tourn"]
[EventRounds "11"]
[EventCountry "TUN"]
[SourceTitle "CBM 190 Extra"]
[Source "ChessBase"]
[SourceDate "2019.07.15"]
[SourceVersion "1"]
[SourceVersionDate "2019.07.15"]
[SourceQuality "1"]
[WhiteTeam "Soliman"]
[BlackTeam "Omran"]
[WhiteTeamCountry "TUN"]
[BlackTeamCountry "TUN"]

1. e4 c5 2. Nf3 d6 3. Bb5+ Nd7 4. d4 cxd4 5. Qxd4 a6 6. Bxd7+ Bxd7 7. c4 e5 8. Qd3 b5 9. Nc3 bxc4 10. Qxc4 h6 11. 0-0 Nf6 12. Ne1 Be7 13. Nc2 0-0 14. Nb4 Be6 15. Ncd5 Nxd5 16. exd5 Bd7 17. Nc6 Bxc6 18. Qxc6 Qb8 19. Qd7 Bd8 20. b3 a5 21. Ba3 Bc7 22. Rac1 Ra7 23. Rc6 Rd8 24. Qg4 Bb6 25. Bxd6 Bc7 26. Rfc1 Bxd6 27. Rc8 Rc7 28. R1xc7 Bxc7 29. Rxb8 Bxb8 30. Kf1 g6 31. Qa4 Ba7 32. Qxa5 Rd7 33. d6 Bd4 34. Qc7 1-0

[Event "TUN selection"]
[Site "Borj Cedria"]
[Date "2014.01.13"]
[Round "4"]
[White "Saadani, Tarak"]
[Black "Zanina, Moncef"]
[Result "1-0"]
[WhiteElo "2091"]
[BlackElo "2087"]
[PlyCount "79"]
[EventDate "2014.01.11"]
[EventType "swiss"]
[EventRounds "9"]
[EventCountry "TUN"]
[SourceTitle "CBM 158 Extra"]
[Source "ChessBase"]
[SourceDate "2014.02.28"]
[SourceVersion "1"]
[SourceVersionDate "2014.02.28"]
[SourceQuality "1"]

1. e4 e5 2. Nc3 Nf6 3. g3 d5 4. exd5 Nxd5 5. Bg2 Nxc3 6. bxc3 Bc5 7. Ne2 Nc6 8. 0-0 0-0 9. Rb1 Bb6 10. d3 Be6 11. c4 Qd7 12. Be3 Qe7 13. Nc3 Rab8 14. Re1 Nd4 15. Nb5 c6 16. Nxd4 Bxd4 17. Bxd4 exd4 18. a4 Qg5 19. Re4 Rfd8 20. Qe1 Qc5 21. Re5 Qd6 22. f4 Re8 23. c5 Qd7 24. Qf2 Bf5 25. Rbe1 f6 26. R5e2 Kf7 27. h4 g6 28. Bf3 h5 29. Kg2 Rxe2 30. Qxe2 b6 31. cxb6 Rxb6 32. Be4 Be6 33. f5 gxf5 34. Qxh5+ Kg7 35. g4 fxe4 36. g5 Bf7 37. gxf6+ Kxf6 38. Qg5+ Ke6 39. Rxe4+ Kd6 40. Qe5# 1-0

[Event "TUN-ch"]
[Site "Hammamet"]
[Date "2013.03.21"]
[Round "8"]
[White "Zaibi, Amir"]
[Black "Zanina, Moncef"]
[Result "1-0"]
[WhiteElo "2264"]
[BlackElo "1924"]
[PlyCount "55"]
[EventDate "2013.03.16"]
[EventType "swiss"]
[EventRounds "9"]
[EventCountry "TUN"]
[SourceTitle "CBM 153 Extra"]
[Source "ChessBase"]
[SourceDate "2013.04.22"]
[SourceVersion "1"]
[SourceVersionDate "2013.04.22"]
[SourceQuality "1"]

1. e4 c5 2. Nf3 e6 3. Nc3 h6 4. d4 cxd4 5. Nxd4 Qc7 6. Bd3 Nc6 7. Nxc6 dxc6 8. a4 a5 9. 0-0 Bc5 10. Qg4 Bd4 11. Bf4 Be5 12. Qxg7 Bxg7 13. Bxc7 h5 14. Rad1 Bd7 15. e5 Rc8 16. Bd6 Ne7 17. Rfe1 Nd5 18. Ne4 b5 19. Ng5 b4 20. Ba6 Ra8 21. Bb7 Rc8 22. Bxc8 Bxc8 23. Rd3 h4 24. c4 Nf4 25. Rd4 Bh6 26. g3 Nh3+ 27. Kg2 Nf4+ 28. Rxf4 1-0

[Event "TUN-ch"]
[Site "Hammamet"]
[Date "2013.03.20"]
[Round "6"]
[White "Zanina, Moncef"]
[Black "Bouaziz, Mehdi"]
[Result "0-1"]
[WhiteElo "1924"]
[BlackElo "2237"]
[PlyCount "128"]
[EventDate "2013.03.16"]
[EventType "swiss"]
[EventRounds "9"]
[EventCountry "TUN"]
[SourceTitle "CBM 153 Extra"]
[Source "ChessBase"]
[SourceDate "2013.04.22"]
[SourceVersion "1"]
[SourceVersionDate "2013.04.22"]
[SourceQuality "1"]

1. e4 c5 2. Nf3 g6 3. d4 Bg7 4. dxc5 Qa5+ 5. Bd2 Qxc5 6. Bc3 Nf6 7. Nbd2 Ng4 8. Qe2 Bxc3 9. bxc3 Qxc3 10. Rb1 Nc6 11. h3 Nf6 12. Qc4 Qxc4 13. Bxc4 0-0 14. 0-0 d6 15. Rfe1 b6 16. e5 dxe5 17. Nxe5 Na5 18. Bb5 Be6 19. Nb3 Nxb3 20. cxb3 a6 21. Bc6 Ra7 22. a4 Bd5 23. b4 e6 24. b5 a5 25. Rec1 Kg7 26. Bxd5 Nxd5 27. Rc6 Kf6 28. f4 Rd8 29. Rd1 Rb7 30. g3 Ke7 31. Re1 Nb4 32. Rc3 f6 33. Nc6+ Nxc6 34. Rxc6 Rd6 35. Rc4 Rbd7 36. Re2 h5 37. Kf2 Kd8 38. Rce4 Re7 39. g4 hxg4 40. hxg4 f5 41. Rc4 Rc7 42. Rec2 Rxc4 43. Rxc4 Kd7 44. Kg3 Rd1 45. gxf5 gxf5 46. Rc6 Rd6 47. Rc4 Ke7 48. Kf3 Kf6 49. Ke3 e5 50. Rc8 exf4+ 51. Kxf4 Rd4+ 52. Kf3 Rxa4 53. Rc6+ Ke5 54. Rxb6 Rb4 55. Rb8 Kd6 56. b6 Kc6 57. Rf8 f4 58. Rb8 a4 59. b7 Kc7 60. Ra8 Kxb7 61. Ra5 Kb6 62. Ra8 Kb5 63. Ra7 Rd4 64. Rb7+ Kc4 0-1